000 00597nam a22002057a 4500
003 SGT
020 _a9788197480805
082 _a616.07
_bP24V
100 _aVANDENBUSSCHE, CHRISTOPHER J.
245 _aA PATTERN BASED APPROACH ATLAS OF CYTOPATHOLOGY
250 _a1ST S.A.
260 _aPHILADELPHIA
_bWOLTERS KLUWER PUB
_c2024
300 _a533
650 _aPATHOLOGY
653 _aFINE NEEDLE ASPIRATION OF THE THYROID
653 _aSALIVARY GLAND AND CERVICAL LYMPH NODES
653 _aSEROUS EFFUSION CYTOPATHOLOGY
653 _aGYNECILOGIC TRACT CYTOPATHOLOGY
942 _2ddc
_cBK
999 _c28616
_d28616